| 000 | 03131nam a2200361 a 4500 | ||
|---|---|---|---|
| 001 | BRCA_2426 | ||
| 005 | 20190320203813.0 | ||
| 008 | 131108s1780----sp-a---###---#000-0dspa-u | ||
| 041 | _aspa | ||
| 044 | _asp | ||
| 084 |
_a066 _b.I23 _c1780 |
||
| 100 | 1 |
_aCervantes Saavedra, Miguel de _d1547-1616 _9213 |
|
| 245 | 1 | 0 |
_aEl Ingenioso Hidalgo Don Quixote de la Mancha _ccompuesto por Miguel de Cervantes Saavedra. |
| 260 |
_aMadrid _bJoaquín Ibarra _c1780 |
||
| 300 |
_a4 v. _bil. _c31 cm. _e1 mapa |
||
| 500 | _aContenido : v 1. Primera parte. Licencia de S.M. Prólogo de la Academia. Retrato de Cervantes dibujado por Joseph del Castillo. Vida de Cervantes y análisis del Quixote. Su plan cronológico y pruebas que justifican su vida por V. de los Ríos. Dedicatoria del autor al Duque de Béjar. Prólogo del autor. Versos preliminares. Variantes. Mapa de una porción del Reyno de España por donde anduvo D. Quixote por Tomás López. -- v 2. Variantes. Texto. -- v 3. Segunda parte. Preliminares de la edición príncipe. Dedicatoria del autor. Prólogo del autor. Variantes. Texto. -- v 4. Variantes. Texto | ||
| 500 | _aEdición : Nueva edición corregida por la Real Academia Española | ||
| 500 | _aPrimera edición de la Academia Española y primera de lujo impresa en España, con prólogo de ésta, vida de Cervantes y Análisis del Quixote por Vicente de los Ríos, mapa de una porción del Reyno de España, que comprende los parages por donde anduvo Don Quixote, delineado por Tomás López, retrato apócrifo de Cervantes sacado del cuadro al óleo que regaló el Conde de del Aguila a la Academia. Va ilustrada por los mejores dibujantes de la época: Del Castillo, Carnicero, Ximeno y otros, y por vez primera puesta en el ambiente auténticamente español. Restablece, además, el título original de El Ingenioso Hidalgo..., en vez del arbitrario de Vida y Hechos del Ing. Hidalgo... Sin embargo, adolece de serios defectos: Confunde la segunda edición de Cuesta con la primera, suprime el escudo de esta última, iguala el título de la segunda parte: El Ingenioso Cavallero... con el de la primera: El Ing. Hidalgo.., y usa la x en vez de j en la palabra Quijote. Bellísima edición, impresa en excelente papel y con nobilísimos tipos; encuadernada en becerrillo, planos orlados, lomeras decoradas, cortes, cantos y contracantos dorados Lúdovik Osterc | ||
| 500 | _aCon ex-libris de : William Dickinson | ||
| 500 | _aQM54 | ||
| 650 | 1 | 4 |
_aNovela española _yÉpoca clásica, 1500-1700 _9215 |
| 650 | 1 | 4 |
_aLiteratura española _yÉpoca clásica, 1500-1700 _9216 |
| 650 | 1 | 4 |
_aNovela española _ySiglo XVII _9217 |
| 650 | 1 | 4 |
_aDon Quijote (Personaje ficticio) _eNovela _9218 |
| 700 | 1 |
_aCarnicero Mancio, Antonio _d1748-1814 _eIlustrador _97108 |
|
| 700 | 1 |
_aCastillo, José del _d1737-1793 _eIlustrador _97109 |
|
| 700 | 1 |
_aJimeno, José Antonio _d1757-1807 _eIlustrador _97110 |
|
| 700 | 1 |
_aRíos, Vicente de los _d1732-1779 _eBiógrafo _97111 |
|
| 700 | 1 |
_aLópez, Tomás _d1730-1802 _eIlustrador _97112 |
|
| 740 | 0 | _aEl Ingenioso Hidalgo Don Quijote de la Mancha | |
| 902 | _aQFM | ||
| 942 |
_2lcc _cB |
||
| 999 |
_c2167 _d2167 |
||